| 000 | 01165aam a2200325 i 4500 | ||
|---|---|---|---|
| 001 | 768714001 | ||
| 003 | CO-MdFUSB | ||
| 005 | 20210716130033.0 | ||
| 007 | ta | ||
| 008 | 160824t1982 enk |||| |||| 00| 0 spa d | ||
| 020 | _a[No incluye ISBN] | ||
| 040 |
_cCO-MdFUSB _bspa. _aCO-MdFUSB _dCO-MdFUSBC _erda |
||
| 041 |
_aspa _hger |
||
| 082 | 0 | 4 |
_a492.3 _223 _bF657d |
| 110 | _aInstituto Superior Evangélico de Estudios Teológicos, | ||
| 240 | _aHebraisches und aramaisches worterbuch zum Alten Testament | ||
| 245 | 1 | 0 |
_aDiccionario del hebreo y arameo bíblicos _c/ Georg Fohrer ; editado por el Instituto Superior Evangélico de Estudios Teológicos ; traducido por René Krüger |
| 264 | 1 |
_aBuenos Aires, Argentina : _bLa Aurora, _c[1982] |
|
| 264 | 4 | _c© 1982 | |
| 300 |
_a345 Páginas _c; 23 cm |
||
| 336 |
_2rdacontent _asonidos _btxt |
||
| 337 |
_2rdamedia _asin mediación _bn |
||
| 338 |
_2rdacarrier _avolumen _bnc |
||
| 563 | _aRústico | ||
| 650 | 1 | 4 | _aHEBREO - ARAMEO - DICCIONARIO - ESPAÑOL |
| 700 | 1 |
_91041 _aKrüger, René _d1950- _etraductor |
|
| 942 | _cBK | ||
| 945 | _aJTF-925 | ||
| 999 |
_c31898 _d31898 |
||